000 00448nam a2200181Ia 4500
001 10254
005 20260306161818.0
008 260306t2017||||xx |||||||||||||| ||spa||
041 _aESP
082 _a909.83
_bL726
100 _aLlano, Alejandro
_eAUT
245 0 _aLa nueva sensibilidad:
_ben la era de la desconexión
260 _c2017
300 _a239 pƔginas :
_c21 cm.
650 _aGEN
654 _aCHU
942 _cLIB
_dJUS
_fJUS
_2ddc
_n
999 _c10254
_d10254